Normal view
MARC view
- Dr. Khewar Khurshid
Entry Personal Name
001 - CONTROL NUMBER
- control field: 23884
003 - CONTROL NUMBER IDENTIFIER
- control field: NUST
005 - DATE AND TIME OF LATEST TRANSACTION
- control field: 20191014161420.0
008 - FIXED-LENGTH DATA ELEMENTS
- fixed length control field: 191014|| aca||aabn | a|a d
040 ## - CATALOGING SOURCE
- Original cataloging agency: NUST
- Transcribing agency: NUST
100 ## - HEADING--PERSONAL NAME
- Personal name: Dr. Khewar Khurshid
670 ## - SOURCE DATA FOUND
- Source citation: Work cat.: (NUST): Zafar, Sobia. 23883, Hardware Implementation of Self-adaptive Plateanu Equalization for Contrast Enhancement /, 2018.
